000 00647nam a2200229Ia 4500
003 OSt
005 20221007080821.0
006 a|||||r|||| 00| 0
007 ta
008 221006b |||||||| |||| 00| 0 eng d
024 _a27,742
037 _cReports / Technical Reports
040 _aFLL
_cFLL
_beng
041 _2eng
_aeng
082 _aZ73:17, J2
100 _aGellhorn Walter Ed.
_9695588
245 0 _aState and subversion
260 _aNew York
_bCornell University Press
_c1952
300 _avii,454p
_ccm.
942 _hZ73:17, J2
_cREP
_2CC
999 _c1161001
_d1161001